Hauptstädte Europas in 60 Sekunden - Statistiken

Allgemein
  • Dieses Quiz wurde 163 mal gespielt
  • Das Durchschnittsergebnis liegt bei 11 aus 45
Antworten auf der Karte
Die Antworten werden auf der Karte rot bzw. grün angezeigt, abhängig davon wie oft sie richtig erraten wurden.
 
Antwortstatistiken
Antwort % Korrekt
Helsinki
81%
Oslo
79%
Reykjavík
79%
Stockholm
79%
Kiew
63%
Moskau
60%
Tallinn
54%
Minsk
52%
Riga
49%
Vilnius
49%
Athen
44%
Bukarest
43%
Chișinău
40%
Sofia
34%
Tirana
23%
Amsterdam
21%
Berlin
20%
Dublin
18%
Kopenhagen
18%
Brüssel
17%
London
16%
Skopje
16%
Bern
15%
Luxemburg
14%
Madrid
13%
Podgorica
13%
Andorra la Vella
12%
Belgrad
12%
Lissabon
11%
Sarajevo
11%
Ljubljana
9%
Paris
9%
Budapest
7%
Monaco
7%
Pristina
7%
Bratislava
6%
Zagreb
6%
Prag
3%
Wien
3%
Rom
2%
San Marino
2%
Vaduz
2%
Valletta
1%
Warschau
1%
Vatikanstadt
0%
Keine übereinstimmenden Quizze gefunden
Verteilung der Resultate
Anzahl Personen mit jedem Resultat
Perzentil nach korrekt beantworteten Fragen
Ihre Resultats-Entwicklung
Sie haben dieses Quiz noch nicht gespielt